|
|
|
|
| LEADER |
00000nab a2200000 a 4500 |
| 001 |
vtls008845187 |
| 003 |
SK-MaSNL |
| 005 |
20260304235720.0 |
| 008 |
250505c2005 xo fr|p|||||||000 b|slo |
| 015 |
|
|
|a SNBRB2006/09
|2 snkbucl
|
| 035 |
|
|
|a (uuid)1615f47e-f364-4c12-ba9e-516bc8bba23f
|
| 035 |
|
|
|a urn:nbn:sk:snk-abxqx
|
| 035 |
|
|
|a (urnnbn)urn:nbn:sk:snk:ar-0055qe
|
| 038 |
|
|
|a SNKBUCL
|
| 040 |
|
|
|a SNKBUCL
|b slo
|c SNKBUCL
|e AACR2
|
| 041 |
0 |
|
|a eng
|b eng
|
| 044 |
|
|
|a xo
|c SK
|
| 080 |
|
|
|a 630*44
|2 1997
|
| 080 |
|
|
|a 630*41:632.26
|2 1997
|
| 080 |
|
|
|a 632.26
|2 1997
|
| 100 |
1 |
|
|a Kunca, Andrej,
|d 1973-
|4 aut
|9 192293
|
| 245 |
1 |
0 |
|a Susceptibility of wounds of the European beech bark to infection by Neonectria coccinea and efficiency of the wound treatment
|c Andrej Kunca
|
| 300 |
|
|
|b Tab.
|
| 504 |
|
|
|a Bibliogr. odkazy
|
| 546 |
|
|
|a Res. angl.
|
| 650 |
0 |
7 |
|a buk lesný
|2 snkbucl
|9 19857
|
| 650 |
0 |
7 |
|a hubové choroby rastlín
|2 snkbucl
|9 57801
|
| 650 |
0 |
7 |
|a Neonectria coccinea
|2 snkbucl
|9 1573538
|
| 650 |
0 |
7 |
|a kôra
|2 snkbucl
|9 14594
|
| 650 |
0 |
7 |
|a rany
|2 snkbucl
|9 1161
|
| 650 |
0 |
7 |
|a ošetrovanie rastlín
|2 snkbucl
|9 70471
|
| 650 |
0 |
7 |
|a Pellacol (prípravok na ochranu rastlín)
|2 snkbucl
|9 1573539
|
| 650 |
0 |
7 |
|a nekróza (biológia)
|2 snkbucl
|9 257860
|
| 773 |
0 |
|
|t Lesnícky časopis = Forestry journal
|g Roč. 51, č. 1 (2005), s. 21-29
|x 0323-1046
|
| 850 |
|
|
|a Slovenská národná knižnica
|
| 852 |
|
|
|a Slovenská národná knižnica
|
| 954 |
|
|
|a odborná, vedecká literatúra pôvodná (slovenská)
|2 lita
|
| 958 |
|
|
|a article27
|
| 958 |
|
|
|a NB
|
| 958 |
|
|
|a OND
|
| 958 |
|
|
|a EUIPO
|
| 999 |
|
|
|c 3210141
|d 3212071
|